MARC details
| 000 -CABECERA |
| campo de control de longitud fija |
01119nam a2200265 a 4500 |
| 001 - NÚMERO DE CONTROL |
| campo de control |
000005356 |
| 005 - FECHA Y HORA DE LA ÚLTIMA TRANSACCIÓN |
| campo de control |
20200929151643.0 |
| 008 - DATOS DE LONGITUD FIJA--INFORMACIÓN GENERAL |
| campo de control de longitud fija |
090819s1994 sp 001 0 spa d |
| 020 ## - NÚMERO INTERNACIONAL ESTÁNDAR DEL LIBRO |
| Número Internacional Estándar del Libro |
8400074297 |
| 040 ## - FUENTE DE LA CATALOGACIÓN |
| Centro catalogador/agencia de origen |
DO-SdBNP |
| Lengua de catalogación |
spa |
| Centro/agencia transcriptor |
BNPHU |
| 082 ## - NÚMERO DE LA CLASIFICACIÓN DECIMAL DEWEY |
| Número de clasificación |
340.0946 |
| Número de documento/Ítem |
S689i |
| 049 ## - FONDOS LOCALES (OCLC) |
| Fondos de biblioteca |
BNPD |
| 100 1# - ENTRADA PRINCIPAL--NOMBRE DE PERSONA |
| Nombre de persona |
Solórzano y Pereira, Juan de, |
| 9 (RLIN) |
15192 |
| 245 10 - MENCIÓN DE TÍTULO |
| Título |
De indiarum iure : |
| Resto del título |
(liber III : de retentione indiarum) / |
| Mención de responsabilidad, etc. |
Juan De Solorzano Pereira, C. Baciero, F. Cantelar, A. Garía, J.M. García Añoveros, F. Maseda, L.Pereña, J.M. Pérez-Prendes. |
| 260 ## - PUBLICACIÓN, DISTRIBUCIÓN, ETC. |
| Lugar de publicación, distribución, etc. |
Madrid, España : |
| Nombre del editor, distribuidor, etc. |
Consejo Superior de Investigaciones Científicas, |
| Fecha de publicación, distribución, etc. |
1994. |
| 490 1# - MENCIÓN DE SERIE |
| Mención de serie |
Corpus Hispanorum de Pace ; |
| Designación de volumen o secuencia |
1 |
| 500 ## - NOTA GENERAL |
| Nota general |
Incluye tabla de contenido |
| 500 ## - NOTA GENERAL |
| Nota general |
Incluye índice bibliográfico |
| 600 14 - PUNTO DE ACCESO ADICIONAL DE MATERIA--NOMBRE DE PERSONA |
| Nombre de persona |
Solórzano y Pereira, Juan de, |
| Fechas asociadas al nombre |
1575-1655 |
| Subdivisión general |
HISTORIA Y CRÍTICA |
| 9 (RLIN) |
15193 |
| 650 #4 - PUNTO DE ACCESO ADICIONAL DE MATERIA--TÉRMINO DE MATERIA |
| Término de materia o nombre geográfico como elemento de entrada |
Indigenas |
| Subdivisión general |
Situación legal |
| 9 (RLIN) |
15194 |
| 650 #4 - PUNTO DE ACCESO ADICIONAL DE MATERIA--TÉRMINO DE MATERIA |
| Término de materia o nombre geográfico como elemento de entrada |
Derecho colonial |
| Subdivisión geográfica |
América |
| 9 (RLIN) |
15195 |
| 651 #4 - PUNTO DE ACCESO ADICIONAL DE MATERIA--NOMBRE GEOGRÁFICO |
| Nombre geográfico |
España |
| Subdivisión general |
Colonias |
| Subdivisión geográfica |
América |
| Subdivisión general |
Administración |
| 9 (RLIN) |
15196 |
| 651 #4 - PUNTO DE ACCESO ADICIONAL DE MATERIA--NOMBRE GEOGRÁFICO |
| Nombre geográfico |
América |
| Subdivisión general |
Colonización |
| 9 (RLIN) |
15197 |
| 830 #0 - PUNTO DE ACCESO ADICIONAL DE SERIE-TÍTULO UNIFORME |
| Título uniforme |
Corpus Hispanorum de Pace ; |
| Número de parte o sección de la obra |
1 |
| 9 (RLIN) |
15198 |